Задачи по элементарной математике повышенной трудности (ბიბ.ჩანაწერი № 48209)
[ მარტივი ფორმატი ]
| 000 -LEADER | |
|---|---|
| fixed length control field | 00527nam a2200145Ia 4500 |
| 001 - CONTROL NUMBER | |
| control field | 15091 |
| 003 - CONTROL NUMBER IDENTIFIER | |
| control field | GE_BSU |
| 008 - FIXED-LENGTH DATA ELEMENTS--GENERAL INFORMATION | |
| fixed length control field | 181216s||||||||xx |||||||||||||| ||und|| |
| 040 ## - CATALOGING SOURCE | |
| Transcribing agency | GE_BSU |
| 100 ## - MAIN ENTRY--PERSONAL NAME | |
| Personal name | Ваховский,Е.Б. Рывкин,А.А. |
| 245 ## - TITLE STATEMENT | |
| Title | Задачи по элементарной математике повышенной трудности |
| 245 ## - TITLE STATEMENT | |
| Statement of responsibility, etc. | Ред.А.Я.Цлаф |
| 653 ## - INDEX TERM--UNCONTROLLED | |
| Uncontrolled term | Задачи по элементарной математике повышенной трудности |
| 942 ## - ADDED ENTRY ELEMENTS (KOHA) | |
| Koha item type | წიგნი |
არაა ხელმისაწვდომი ეგზემპლარები.
